О циклах экономической активности в процессе роста капитала; Экономика и математические методы; Т. 39, вып. 1

Dades bibliogràfiques
Parent link:Экономика и математические методы/ Российская академия наук (РАН), Центральный экономико-математический институт (ЦЭМИ).— , 1965-.— 0424-7388
Т. 39, вып. 1.— 2003.— С. 33-42
Autor principal: Николаев Л. Н.
Idioma:rus
Publicat: 2003
Col·lecció:Математический анализ экономических моделей
Matèries:
Format: Capítol de llibre
KOHA link:https://koha.lib.tpu.ru/cgi-bin/koha/opac-detail.pl?biblionumber=456275

MARC

LEADER 00000naa2a2200000 4500
001 456275
005 20231101084553.0
035 |a (RuTPU)RU\TPU\prd\119486 
035 |a RU\TPU\prd\15069 
090 |a 456275 
100 |a 20110912a2003 k y0rusy50 ca 
101 0 |a rus 
102 |a RU 
200 1 |a О циклах экономической активности в процессе роста капитала  |f Л. Н. Николаев 
225 1 |a Математический анализ экономических моделей 
320 |a Библиогр.: 8 назв. 
461 1 |0 (RuTPU)RU\TPU\prd\441  |x 0424-7388  |t Экономика и математические методы  |f Российская академия наук (РАН), Центральный экономико-математический институт (ЦЭМИ)  |d 1965- 
463 1 |0 (RuTPU)RU\TPU\prd\119482  |t Т. 39, вып. 1  |v С. 33-42  |d 2003 
610 1 |a циклы 
610 1 |a экономическая активность 
610 1 |a капитал 
610 1 |a рост капитала 
610 1 |a модели 
610 1 |a обращение капитала 
610 1 |a волновое уравнение 
610 1 |a циклические модеои 
700 1 |a Николаев  |b Л. Н. 
801 1 |a RU  |b 63413507  |c 20030616  |g PSBO 
801 2 |a RU  |b 63413507  |c 20110912  |g RCR 
942 |c BK